BUSINESS SUCCESS BUSINESS STRATEGY (Record no. 34085)
[ view plain ]
| 000 -LEADER | |
|---|---|
| fixed length control field | 00281nam a2200121Ia 4500 |
| 008 - FIXED-LENGTH DATA ELEMENTS--GENERAL INFORMATION | |
| fixed length control field | 240625s9999 xx 000 0 und d |
| 041 ## - LANGUAGE CODE | |
| Language code of text/sound track or separate title | eng |
| 082 ## - DEWEY DECIMAL CLASSIFICATION NUMBER | |
| Classification number | 658.4012 CCT |
| 100 ## - MAIN ENTRY--PERSONAL NAME | |
| Personal name | BRIGHT IDEAS |
| 245 ## - TITLE STATEMENT | |
| Title | BUSINESS SUCCESS BUSINESS STRATEGY |
| 260 ## - PUBLICATION, DISTRIBUTION, ETC. | |
| Date of publication, distribution, etc. | 2007 |
| 365 ## - TRADE PRICE | |
| Currency code | RS |
| Price amount | 10 |
| Withdrawn status | Lost status | Damaged status | Not for loan | Home library | Current library | Shelving location | Date acquired | Cost, normal purchase price | Full call number | Barcode | Date last seen | Copy number | Price effective from | Koha item type |
|---|---|---|---|---|---|---|---|---|---|---|---|---|---|---|
| IMTN | IMTN | Rack 28-A | 07/28/2008 | 299.00 | 658.4012 CCT | CD1104 | 06/25/2024 | 1 | 06/25/2024 | CD |